000 00526nam a2200205Ia 4500
003 OSt
005 20220615143938.0
008 210210b2006 xxu||||| |||| 00| 0 eng d
040 _cAL
041 _aeng
082 _a001.64404 FORD
100 _aFOROUZAN (Behrouz A)
_942748
245 _aData communications and networking
250 _a4
260 _aNew Delhi
_bTata McGraw-Hill Publishing Company Ltd.
_c2006
300 _axxxiv,1134
690 _aComputer Networks
_942749
906 _a061935
942 _2ddc
_cBK
999 _c115765
_d115765